01739nam a2200397 a 4500001001000000003000500010005001700015008004100032010001100073011001100084040000900095090001000104100004100114245021700155260004100372500006000413502007700473590004100550590004100591590003700632590004100669590004000710590004000750650003900790650003600829650003700865700003500902856001600937856007000953901000701023942001001030942000601040999001901046952014001065952013601205000110551CHAP20220329144138.0140910s2014 mx sm |||||||spa d a107013 a107985 cCHAP aTesis1 aBautista Cruz, Marco Antonio912835110aSustratos en la producción de microgreen de rábano (raphanus sativus l.), cilantro (coriandrum sativum l.) y chícharo (pisum sativum l.)h[En línea]cpor Marco Antonio Bautista Cruz y Joel Juarez Mendoza. aChapingo, Méx. :bEl autor,c2014. aPara ver el contenido del material haga clic en la liga aTesis (Ing. Agr. Esp. en Fitotecnia) -- UACH. Departamento de Fitotecnia aBATCH-UPDb05c20141002lUCH01h0905 aBATCH-UPDb10c20150120lUCH01h0854 aBATCHb00c20181121lUCH01h0758 aE11695DGDb10c20150120lUCH01h0853 aE5765TAJb05c20140910lUCH01h0945 aE5765TAJb05c20140910lUCH01h094614aMicrogreensxProducción.912904214aMicrogreensxSustratos.912904114aSemillasxGerminación.91039031 aJuárez Mendoza, Joel9128352 a1 n0000833 aFinding aiduhttp://10.13.5.2/tesis/sist110551.pdfzTeclea aquí aBK cTESIS n0 c107013d107013 00102local4053708TESISaBCbBCcPA_TESISd2014-09-10fTESISl0oTesisp33724002422769r2019-12-31 00:00:00tc.2w2019-12-31yTESIS 00104054718TESISaBCbBCd2014-09-10fTESISl0oTesisp33724002422801r2019-12-31 00:00:00w2019-12-31yTESISzRecien adquirido